000 00475nam a22002057a 4500
003 bpm
005 20260421105419.0
008 260421b |||||||| |||| 00| p spa d
020 _a9992545690
024 _aS. C. C. / M. C. y E. M.:
040 _aAR-CtUCP
041 _aspa
080 _aCDU
100 _aRáfols Irina
245 _aDesde el insomnio
260 _aAsunción
_bArandurá
_c2005
650 _aLiteratura - Poesía
942 _cLIB
999 _c76679
_d76679